Administracin̤ pb︢lica con valores Instrumentos para una gobernanza ťica /

Detalles Bibliográficos
Autor principal: Longo, Francisco
Otros Autores: Albareda, Adrỉ
Formato: eBook
Lenguaje:español
Publicado: Madrid: Instituto Nacional de Administracin̤ Pb︢lica (INAP), 2015
Materias:
Acceso en línea:Acceso restringido

MARC

LEADER 00000nam a22000007a 4500
005 20150812214023.0
007 cr|||| ||||
008 150812s2015 es |||||s|||| 00||0 spa d
020 |a 978-84-7351-446-0 
035 |a 12816 
040 |a vLex 
090 |c 5521  |d 5521 
100 1 |a Longo, Francisco 
245 1 0 |a Administracin̤ pb︢lica con valores  |h [Recurso electrn̤ico] :  |b Instrumentos para una gobernanza ťica /  |c Francisco Longo, Adri ̉Albareda 
256 |a Servicio en ln̕ea 
260 |a Madrid:  |b Instituto Nacional de Administracin̤ Pb︢lica (INAP),  |c 2015 
300 |a 1 recurso electrn̤ico 
506 1 |a Disponible solo en los productos indicados  |d vLex Global  |d vLex Global (Academic Edition, excluding Law Schools)  |d vLex Global (U.S. Academic Edition, Law Schools)  |d vLex Global (U.S. Academic Edition, excluding Law Schools)  |d vLex Global (Academic Edition, Law Schools) 
650 0 4 |a Derecho Pb︢lico y Administrativo  |z Espaą 
700 1 |a Albareda, Adrỉ 
740 0 |a vLex Libros (Servicio en ln̕ea) 
856 4 0 |u http://vlex.com/source/administracion-publica-valores-12816  |z Acceso restringido 
942 |c BOOK 
999 0 |a Public and Administrative Law